000 00334nam a2200145Ia 4500
008 230917s9999||||xx |||||||||||||| ||und||
040 _e109617
_aMAIN
041 _aEnglish
082 _a150 E73P
100 _aEysenck,Michel,W
245 0 _aPsychology
260 _aNew York
_bPsychology
_c2004
300 _a984p p.
942 _cBK
999 _c123173
_d123173